[Event "Titled Tuesday intern op 26th May"]
[Site "Chess.com INT"]
[Date "2020.05.26"]
[Round "6"]
[White "Goncalves, Davi Sulzbacher"]
[Black "Khalid, El Amin"]
[Result "1-0"]
[WhiteElo "2282"]
[BlackElo "2008"]
[PlyCount "61"]
[EventDate "2020.05.26"]
[EventType "swiss (blitz)"]
[EventRounds "10"]
[EventCountry "USA"]
[SourceTitle "CBM 196 Extra"]
[Source "ChessBase"]
[SourceDate "2020.07.31"]
[SourceVersion "1"]
[SourceVersionDate "2020.07.31"]
[SourceQuality "1"]

1. e4 d6 2. Nf3 Nf6 3. Nc3 Nbd7 4. Bc4 g6 5. Bxf7+ Kxf7 6. Ng5+ Kg8 7. Ne6 Qe8 8. Nxc7 Qd8 9. Nxa8 b6 10. d4 Ba6 11. e5 Qxa8 12. f3 dxe5 13. dxe5 Nxe5 14. Bf4 Ned7 15. Qd2 h6 16. 0-0-0 Kh7 17. Rhe1 Qe8 18. Kb1 Qf7 19. g4 g5 20. Be3 Bg7 21. h4 gxh4 22. g5 hxg5 23. Bxg5 Re8 24. Qf4 Kg8 25. Rg1 Nh7 26. Rxd7 Qxf4 27. Bxf4 Kf7 28. Rxa7 Bc4 29. Ne4 Bf6 30. Nd6+ Ke6 31. Nxe8 1-0

[Event "Titled Tuesday intern op 5th May"]
[Site "Chess.com INT"]
[Date "2020.05.05"]
[Round "1"]
[White "Khalid, El Amin"]
[Black "Khotenashvili, Bela"]
[Result "0-1"]
[WhiteElo "2008"]
[BlackElo "2458"]
[PlyCount "94"]
[EventDate "2020.05.05"]
[EventType "swiss (blitz)"]
[EventRounds "10"]
[EventCountry "USA"]
[SourceTitle "EXT 2021"]
[Source "ChessBase"]
[SourceDate "2020.10.23"]
[SourceVersion "1"]
[SourceVersionDate "2020.10.23"]
[SourceQuality "1"]

1. Nf3 g6 2. d3 Bg7 3. g3 e5 4. Bg2 d5 5. 0-0 c5 6. Nc3 Ne7 7. e4 d4 8. Ne2 Nbc6 9. c3 0-0 10. cxd4 cxd4 11. a3 a5 12. Nd2 a4 13. f4 b5 14. Nf3 f6 15. h3 Be6 16. g4 Rc8 17. f5 Bb3 18. Qe1 g5 19. h4 h6 20. Ng3 Rc7 21. Nh5 Nc8 22. hxg5 hxg5 23. Qg3 Nd6 24. Rf2 Rff7 25. Bf1 Bf8 26. Rh2 Rh7 27. Bd2 Ne8 28. Re1 Bf7 29. Be2 Bxh5 30. gxh5 Bh6 31. Kg2 Rhg7 32. Qg4 Rc8 33. Rhh1 Na5 34. Kf2 Nb3 35. Rd1 Rc2 36. Ke1 Rxb2 37. Bb4 Qc7 38. Nh2 Nc1 39. Bf3 Qc2 40. Qg3 Nxd3+ 41. Kf1 Nxb4 42. Ng4 Kh7 43. Nxh6 Kxh6 44. axb4 a3 45. Qe1 a2 46. Ra1 Rb1 47. Rxb1 axb1Q 0-1

[Event "Titled Tuesday intern op 28th Apr"]
[Site "Chess.com INT"]
[Date "2020.04.28"]
[Round "3"]
[White "Calin, Alexandru"]
[Black "Khalid, El Amin"]
[Result "1-0"]
[WhiteElo "2107"]
[BlackElo "2008"]
[PlyCount "113"]
[EventDate "2020.04.28"]
[EventType "swiss (blitz)"]
[EventRounds "10"]
[EventCountry "USA"]
[SourceTitle "EXT 2021"]
[Source "ChessBase"]
[SourceDate "2020.10.23"]
[SourceVersion "1"]
[SourceVersionDate "2020.10.23"]
[SourceQuality "1"]

1. d4 g6 2. e4 Bg7 3. Be3 d6 4. Nc3 Nf6 5. Qd2 c6 6. f3 Qc7 7. 0-0-0 b5 8. g4 a5 9. h4 a4 10. a3 Nbd7 11. g5 Nh5 12. d5 b4 13. axb4 a3 14. bxa3 Rxa3 15. Nb1 Ra1 16. Bd4 0-0 17. Bxg7 Nxg7 18. Qc3 Ra4 19. Qxc6 Qa7 20. Qc3 Ba6 21. Bxa6 Qxa6 22. Qc6 Qa7 23. c3 Ra2 24. Rd2 Ne5 25. Qb5 Qe3 26. Qe2 Qxe2 27. Nxe2 Rxd2 28. Nxd2 Nxf3 29. Nxf3 Ra8 30. Kb2 Ne8 31. Ra1 Rc8 32. b5 Nc7 33. Ned4 Rb8 34. c4 Kf8 35. Nc6 Ra8 36. Rxa8+ Nxa8 37. Kc3 f6 38. Kb4 Kg7 39. Ka5 h6 40. Nxe7 fxg5 41. hxg5 h5 42. b6 Nxb6 43. Kxb6 Kf7 44. Nc8 Ke8 45. Nxd6+ Ke7 46. c5 Kd7 47. c6+ Ke7 48. c7 Kxd6 49. c8Q Ke7 50. Qe6+ Kf8 51. Qd7 Kg8 52. Kc6 h4 53. Nxh4 Kh8 54. Kd6 Kg8 55. Ke6 Kh8 56. Kf6 Kg8 57. Qg7# 1-0

[Event "Titled Tuesday intern op 21st April"]
[Site "Chess.com INT"]
[Date "2020.04.21"]
[Round "7"]
[White "Khalid, El Amin"]
[Black "Delorme, Alban"]
[Result "1-0"]
[WhiteElo "2008"]
[BlackElo "2322"]
[PlyCount "79"]
[EventDate "2020.04.21"]
[EventType "swiss (blitz)"]
[EventRounds "10"]
[EventCountry "USA"]
[SourceTitle "EXT 2021"]
[Source "ChessBase"]
[SourceDate "2020.10.23"]
[SourceVersion "1"]
[SourceVersionDate "2020.10.23"]
[SourceQuality "1"]

1. d4 d5 2. Nf3 Nf6 3. Bf4 e6 4. e3 Bd6 5. Bg3 0-0 6. c3 c5 7. Nbd2 Nc6 8. Bd3 Qe7 9. Qe2 e5 10. dxe5 Nxe5 11. Nxe5 Bxe5 12. 0-0-0 a6 13. Nf3 Bg4 14. Bxe5 Bxf3 15. Bxf6 Bxe2 16. Bxe7 Bxd1 17. Bxf8 Kxf8 18. Rxd1 Ke7 19. Be2 Ke6 20. Bf3 Rd8 21. c4 d4 22. Bxb7 a5 23. exd4 cxd4 24. Bd5+ Ke5 25. Bxf7 Rf8 26. Bd5 Rxf2 27. Bf3 g5 28. h3 h5 29. c5 g4 30. hxg4 hxg4 31. Bb7 Rf4 32. Kc2 g3 33. a3 Rf2+ 34. Rd2 Rf7 35. Bf3 Rc7 36. b4 axb4 37. axb4 Rf7 38. Kb3 Kf4 39. Kc4 Ke3 40. Re2+ 1-0

[Event "Titled Tuesday intern op 21st April"]
[Site "Chess.com INT"]
[Date "2020.04.21"]
[Round "9"]
[White "Srdanovic, Jovana"]
[Black "Khalid, El Amin"]
[Result "0-1"]
[WhiteElo "2070"]
[BlackElo "2008"]
[PlyCount "77"]
[EventDate "2020.04.21"]
[EventType "swiss (blitz)"]
[EventRounds "10"]
[EventCountry "USA"]
[SourceTitle "EXT 2021"]
[Source "ChessBase"]
[SourceDate "2020.10.23"]
[SourceVersion "1"]
[SourceVersionDate "2020.10.23"]
[SourceQuality "1"]

1. e4 g6 2. d4 d6 3. Nc3 Bg7 4. g3 Nf6 5. Bg2 Nbd7 6. Nge2 e5 7. 0-0 0-0 8. h3 c6 9. a4 Qc7 10. Be3 a5 11. g4 b6 12. Qd2 Ba6 13. f4 Rae8 14. dxe5 dxe5 15. f5 Rd8 16. g5 Nh5 17. Qe1 Rfe8 18. Qf2 Nf4 19. Nxf4 Bxf1 20. Nfd5 cxd5 21. Nxd5 Qd6 22. Rxf1 Nc5 23. Nxb6 Qxb6 24. Bxc5 Qxb2 25. fxg6 fxg6 26. Qf7+ Kh8 27. Be7 Qb6+ 28. Kh1 Rc8 29. Bf6 Bxf6 30. gxf6 Qc7 31. Qd5 Rf8 32. f7 Rcd8 33. Qe6 Qd6 34. Qb3 Kg7 35. Rf2 Rd7 36. Bf1 Rdxf7 37. Rxf7+ Rxf7 38. Qe3 Qd4 39. Kg2 0-1

[Event "Titled Tuesday intern op 14th April"]
[Site "Chess.com INT"]
[Date "2020.04.14"]
[Round "1"]
[White "Khalid, El Amin"]
[Black "Meissner, Felix"]
[Result "0-1"]
[WhiteElo "2008"]
[BlackElo "2362"]
[PlyCount "64"]
[EventDate "2020.04.14"]
[EventType "swiss (blitz)"]
[EventRounds "10"]
[EventCountry "USA"]
[SourceTitle "EXT 2021"]
[Source "ChessBase"]
[SourceDate "2020.10.23"]
[SourceVersion "1"]
[SourceVersionDate "2020.10.23"]
[SourceQuality "1"]

1. d4 Nf6 2. f4 d5 3. Nf3 c6 4. e3 Ne4 5. Nbd2 Nd6 6. Bd3 Bf5 7. Qe2 e6 8. c3 Bxd3 9. Qxd3 f5 10. b4 Nd7 11. a4 a5 12. b5 c5 13. c4 cxd4 14. Nxd4 Nc5 15. Qc2 Nde4 16. 0-0 Be7 17. Nxe4 dxe4 18. Ba3 Qb6 19. Rfd1 0-0 20. Nb3 Rac8 21. Nxc5 Bxc5 22. Bxc5 Qxc5 23. Rd4 Rfd8 24. Rad1 Rxd4 25. Rxd4 Qb4 26. Kf2 h6 27. c5 Rxc5 28. Qd1 Qb2+ 29. Rd2 Qf6 30. Rd8+ Kh7 31. Qh5 Rc2+ 32. Kg3 Qxd8 0-1

[Event "Olympiad-43"]
[Site "Batumi"]
[Date "2018.09.25"]
[Round "2.4"]
[White "Khalid, El Amin"]
[Black "Rita, Jose"]
[Result "1-0"]
[WhiteElo "2054"]
[BlackElo "1695"]
[PlyCount "121"]
[EventDate "2018.09.24"]
[EventType "team-swiss"]
[EventRounds "11"]
[EventCountry "GEO"]
[SourceTitle "CBM 187"]
[Source "ChessBase"]
[SourceDate "2018.12.11"]
[SourceVersion "1"]
[SourceVersionDate "2018.12.11"]
[SourceQuality "1"]
[WhiteTeam "Sudan"]
[BlackTeam "Sao Tome and Principe"]
[WhiteTeamCountry "SUD"]
[BlackTeamCountry "SAO"]

1. Nf3 d5 2. e3 Nf6 3. b3 g6 4. Bb2 Bg7 5. c4 c6 6. Be2 0-0 7. 0-0 Re8 8. d3 Nbd7 9. Na3 e6 10. Qd2 Qe7 11. Rac1 Qd6 12. Rfd1 a6 13. Nb1 e5 14. Ba3 Qe6 15. h3 h6 16. Nh2 g5 17. Re1 e4 18. cxd5 Nxd5 19. dxe4 Qxe4 20. Bf3 Qe6 21. Red1 N7f6 22. Bb2 Ne4 23. Qe2 Bxb2 24. Qxb2 Qe5 25. Qxe5 Rxe5 26. Na3 Bf5 27. Nc4 Re7 28. Bxe4 Bxe4 29. f3 Bg6 30. e4 Nf4 31. Rd2 f5 32. g3 Nh5 33. exf5 Bf7 34. Kf2 Rae8 35. Ng4 Kg7 36. Rc3 Bd5 37. Nce3 Nf6 38. Nxf6 Kxf6 39. Ng4+ Kxf5 40. Nxh6+ Kg6 41. Ng4 Re1 42. Re3 R8xe3 43. Nxe3 Rh1 44. Nxd5 cxd5 45. Rxd5 Rxh3 46. Kg2 Rh7 47. Rd6+ Kf5 48. g4+ Kf4 49. Rf6+ Ke3 50. Rg6 Kf4 51. Rf6+ Ke3 52. Re6+ Kd4 53. Rg6 Re7 54. Rxg5 Re2+ 55. Kg3 Rxa2 56. Rf5 Rb2 57. g5 Rxb3 58. g6 Rb6 59. Rg5 Rxg6 60. Rxg6 a5 61. Rb6 1-0

[Event "Alexandria op 18th"]
[Site "Alexandria"]
[Date "2012.08.27"]
[Round "1"]
[White "Shoker, Samy"]
[Black "Khalid, El Amin"]
[Result "1-0"]
[WhiteElo "2504"]
[BlackElo "2023"]
[PlyCount "39"]
[EventDate "2012.08.27"]
[EventType "swiss"]
[EventRounds "9"]
[EventCountry "EGY"]
[SourceTitle "CBM 150 Extra"]
[Source "ChessBase"]
[SourceDate "2012.10.19"]
[SourceVersion "1"]
[SourceVersionDate "2012.10.19"]
[SourceQuality "1"]

1. Nf3 Nf6 2. c4 g6 3. g3 Bg7 4. Bg2 d6 5. Nc3 0-0 6. 0-0 e5 7. d3 h6 8. Rb1 c6 9. b4 Qc7 10. b5 Be6 11. bxc6 bxc6 12. Ba3 Rd8 13. Qa4 Nbd7 14. Nd2 Rac8 15. Qa6 Nb8 16. Qb7 Bf8 17. Rb3 Rd7 18. Rfb1 Qd8 19. Qb4 Be7 20. Qxb8 1-0

[Event "Arab Cities-chT"]
[Site "Cairo"]
[Date "2009.10.26"]
[Round "3"]
[White "Khalid, El Amin"]
[Black "Adly, Ahmed"]
[Result "0-1"]
[WhiteElo "2034"]
[BlackElo "2554"]
[PlyCount "30"]
[EventDate "2009.10.25"]
[EventType "team-tourn"]
[EventRounds "9"]
[EventCountry "EGY"]
[SourceTitle "EXT 2010"]
[Source "ChessBase"]
[SourceDate "2010.11.25"]
[SourceVersion "1"]
[SourceVersionDate "2010.11.25"]
[SourceQuality "1"]
[WhiteTeam "Khartom"]
[BlackTeam "Gizza"]
[WhiteTeamCountry "SUD"]
[BlackTeamCountry "EGY"]

1. Nf3 d5 2. g3 Nf6 3. Bg2 c5 4. d3 Nc6 5. c3 Bg4 6. Nbd2 e6 7. 0-0 Be7 8. Qa4 Qd7 9. e4 0-0 10. Re1 dxe4 11. dxe4 Rfd8 12. Nc4 Bxf3 13. Bxf3 Ne5 14. Qxd7 Nxf3+ 15. Kf1 Nxd7 0-1